[Event "Amsterdam Science Park op-B 3rd"]
[Site "Amsterdam"]
[Date "2013.07.08"]
[Round "3"]
[White "Keetman, Maaike"]
[Black "Van der Velde, Wytse"]
[Result "1/2-1/2"]
[WhiteElo "1988"]
[BlackElo "1923"]
[PlyCount "82"]
[EventDate "2013.07.06"]
[EventType "swiss"]
[EventRounds "9"]
[EventCountry "NED"]
[SourceTitle "CBM 155 Extra"]
[Source "ChessBase"]
[SourceDate "2013.08.26"]
[SourceVersion "1"]
[SourceVersionDate "2013.08.26"]
[SourceQuality "1"]

1. e4 e5 2. Nf3 Nc6 3. d4 exd4 4. Nxd4 Bc5 5. Be3 Qf6 6. c3 Nge7 7. g3 d5 8. Bg2 dxe4 9. Nd2 Bxd4 10. cxd4 0-0 11. Nxe4 Qg6 12. 0-0 Nd5 13. Rc1 Nce7 14. Nc5 c6 15. Qb3 Re8 16. Rfe1 h6 17. Nd3 Nxe3 18. Rxe3 Rb8 19. Ne5 Qe6 20. Nxc6 Qxb3 21. Nxe7+ Rxe7 22. Rxb3 b6 23. Rbc3 Bb7 24. d5 Rd8 25. Rc7 Red7 26. d6 Bxg2 27. Kxg2 g6 28. Kf3 Kg7 29. Ke4 Rxd6 30. Rxa7 Rd2 31. Rcc7 Rxf2 32. Ke3 Rf5 33. Rc6 Re5+ 34. Kf4 Rf5+ 35. Ke3 Re5+ 36. Kf4 Rf5+ 37. Ke4 Rb5 38. Rcc7 Rf5 39. Rc6 Rb5 40. Rcc7 Rf5 41. Rc6 Rb5 1/2-1/2

[Event "Maastricht Limburg op-B 6th"]
[Site "Maastricht"]
[Date "2012.05.27"]
[Round "5"]
[White "Kuck, Ulrich"]
[Black "Van der Velde, Wytse"]
[Result "1/2-1/2"]
[WhiteElo "1898"]
[BlackElo "1934"]
[PlyCount "43"]
[EventDate "2012.05.25"]
[EventType "swiss"]
[EventRounds "7"]
[EventCountry "NED"]
[SourceTitle "EXT 2013"]
[Source "ChessBase"]
[SourceDate "2012.11.22"]
[SourceVersion "1"]
[SourceVersionDate "2012.11.22"]
[SourceQuality "1"]

1. e4 e5 2. d4 exd4 3. Nf3 Nc6 4. Bc4 Bc5 5. 0-0 Nf6 6. e5 d5 7. exf6 dxc4 8. fxg7 Rg8 9. Bg5 Be7 10. Bxe7 Kxe7 11. Re1+ Be6 12. Re4 Rxg7 13. Nxd4 Ke8 14. Nc3 Qg5 15. Qf3 Nxd4 16. Rxd4 c6 17. Re1 Rd8 18. Ne4 Qxg2+ 19. Qxg2 Rxg2+ 20. Kxg2 Rxd4 21. f3 b6 22. Re2 1/2-1/2

[Event "Hoogeveen Essent op"]
[Site "Hoogeveen"]
[Date "2008.10.20"]
[Round "4"]
[White "Van der Velde, Wytse"]
[Black "Akotchik, Victor"]
[Result "0-1"]
[WhiteElo "1978"]
[BlackElo "2128"]
[PlyCount "92"]
[EventDate "2008.10.17"]
[EventType "swiss"]
[EventRounds "9"]
[EventCountry "NED"]
[SourceTitle "CBM 126 Extra"]
[Source "ChessBase"]
[SourceDate "2008.11.05"]
[SourceVersion "1"]
[SourceVersionDate "2008.11.05"]
[SourceQuality "1"]

1. e4 d5 2. exd5 Nf6 3. Nf3 Nxd5 4. d4 g6 5. c4 Nb6 6. Nc3 Bg7 7. c5 Nd5 8. Bc4 c6 9. 0-0 Be6 10. Qb3 b5 11. cxb6 axb6 12. Ng5 Bxd4 13. Nxe6 fxe6 14. Bh6 Nd7 15. Rad1 Nc5 16. Qc2 Bf6 17. b4 Nd7 18. Ne4 Qc8 19. Rfe1 Kf7 20. Qe2 Ne5 21. Bxd5 cxd5 22. Nxf6 exf6 23. f4 Nc6 24. Rc1 Qd7 25. Qe3 Rhc8 26. Rcd1 Nxb4 27. Qxb6 Rcb8 28. Qc5 Rxa2 29. h4 Qa7 30. Rc1 Nd3 31. Qxa7+ Rxa7 32. Ra1 Rc7 33. Reb1 Rxb1+ 34. Rxb1 Rc1+ 35. Rxc1 Nxc1 36. f5 Ne2+ 37. Kf2 Nd4 38. fxe6+ Kxe6 39. Bd2 Ke5 40. Bc3 Ke4 41. Bb2 f5 42. Bc1 f4 43. Bb2 Nf5 44. Bf6 d4 45. Ke2 d3+ 46. Kd2 Ne3 0-1

[Event "Hoogeveen Essent op"]
[Site "Hoogeveen"]
[Date "2008.10.18"]
[Round "2"]
[White "Van der Velde, Wytse"]
[Black "Chapman, Terry PD"]
[Result "0-1"]
[WhiteElo "1978"]
[BlackElo "2240"]
[PlyCount "88"]
[EventDate "2008.10.17"]
[EventType "swiss"]
[EventRounds "9"]
[EventCountry "NED"]
[SourceTitle "CBM 126 Extra"]
[Source "ChessBase"]
[SourceDate "2008.11.05"]
[SourceVersion "1"]
[SourceVersionDate "2008.11.05"]
[SourceQuality "1"]

1. e4 d6 2. d4 Nf6 3. Nc3 g6 4. f4 Bg7 5. Nf3 0-0 6. Bd3 Na6 7. 0-0 c5 8. d5 Bg4 9. h3 Bxf3 10. Rxf3 Nc7 11. Qe2 a6 12. a4 e6 13. dxe6 Nxe6 14. Rf1 Nd4 15. Qf2 Rb8 16. Be3 Nd7 17. Nd5 b5 18. axb5 axb5 19. c3 Nb3 20. Rad1 Re8 21. f5 Ne5 22. Bc2 Na5 23. f6 Bf8 24. Bxc5 dxc5 25. Ne7+ Bxe7 26. Rxd8 Bxd8 27. g4 Re6 28. g5 c4 29. Qh4 Bb6+ 30. Kh1 Bc5 31. Rd1 Rd6 32. Rd5 Rxd5 33. exd5 Nb7 34. b4 cxb3 35. Bxb3 Bd6 36. Bc2 Nc5 37. Qh6 Bf8 38. Qh4 Ra8 39. Qd4 Bd6 40. h4 Ra1+ 41. Kg2 Ra2 42. Qd1 Nc4 43. Kf3 Ra3 44. Qd4 b4 0-1

[Event "Haarlem Nova College op"]
[Site "Haarlem"]
[Date "2006.07.08"]
[Round "4"]
[White "Sijpkens, Michiel"]
[Black "Van der Velde, Wytse"]
[Result "1-0"]
[WhiteElo "2081"]
[BlackElo "1883"]
[PlyCount "76"]
[EventDate "2006.07.07"]
[EventType "swiss"]
[EventRounds "6"]
[EventCountry "NED"]
[SourceTitle "CBM 113 Extra"]
[Source "ChessBase"]
[SourceDate "2006.09.14"]
[SourceVersion "1"]
[SourceVersionDate "2006.09.14"]
[SourceQuality "1"]

1. e4 e5 2. Nf3 Nc6 3. Bc4 Bc5 4. d3 Nf6 5. c3 d6 6. h3 Bb6 7. 0-0 h6 8. Be3 0-0 9. Nbd2 Ne7 10. d4 exd4 11. cxd4 Nxe4 12. Nxe4 d5 13. Nf6+ gxf6 14. Bd3 Nf5 15. Bxf5 Bxf5 16. Bxh6 Re8 17. Nh4 Bg6 18. Qg4 Re4 19. f4 Bxd4+ 20. Kh1 Qc8 21. Qg3 Re3 22. Rf3 Rxf3 23. Qxf3 Kh7 24. f5 Bxb2 25. fxg6+ fxg6 26. Rb1 Be5 27. Bd2 c6 28. Re1 Qf8 29. Qg4 Qf7 30. Nf3 Re8 31. Rf1 Qe7 32. Qh4+ Kg8 33. Qh6 Qh7 34. Qe3 b6 35. Qd3 Re7 36. Nxe5 fxe5 37. Rf6 Rg7 38. Qg3 Qh5 1-0